000 00950cam a22002651 4500
001 ss 49000008
003 DLC
005 20260227112751.0
008 750912s1949 xx f000 0 eng c
010 _ass 49000008
035 _a(OCoLC)1621114
040 _aU. S. Social Security Administration. Library
_cFM
_dOCoLC
_dDLC
042 _apremarc
050 0 0 _aRG525
_b.U55 1949
082 _a362.15
110 1 _aUnited States.
_bChildren's Bureau.
245 1 0 _aPrenatal care.
_cCompletely rewritten, 1949.
260 _a[Washington,
_bU.S. Govt. Print. Off.]
_c1949.
300 _aiv, 76 p.
_billus.
_c23 cm.
490 1 _aIts Publication
_vno. 4
500 _a"This bulletin was written by Dr. Ann DeHuff Peters under the direction of Dr. Katherine Bain."
500 _a"Suggested reading on pregnancy and baby care": p. [4] of cover.
700 1 _aPeters, Ann De Huff.
810 1 _aUnited States.
_bChildren's Bureau
_bPublication
_vno. 4.
999 _c90915
_d90915